000 00656nam a2200253#a 4500
001 01154
003 HDC
007 ta
008 230623s2008 xx 000 0 eng d
020 _a13944428 (pbk.).
040 _aHDC
050 _ajrn JPI BP 1
_b.J87 2008
245 0 _aJurnal penyelidikan Islam
264 _aPutrajaya :
_bJabatan Kemajuan Islam Malaysia,
_c2008
300 _a170p. ;
_c 23cm
500 _aBil.21 (2008M/1429H)
650 _aIslam
_vPeriodicals
650 _aIslam
_xResearch
_vPeriodicals
710 _aMalaysia. Jabatan Kemajuan Islam
942 _2lcc
942 _cBK
942 _kjrn JPI BP 1
942 _m.J87 2008
999 _c22727
_d22727